Higiene y toxicología de los alimentos /
Guardado en:
| Autor Principal: | |
|---|---|
| Formato: | Libro |
| Publicado: |
Zaragoza :
Acribia
|
| Etiquetas: |
Agregar Etiqueta
Sin Etiquetas, Sea el primero en etiquetar este registro!
|
| LEADER | 00425nam a22001455a 4500 | ||
|---|---|---|---|
| 001 | CEM.cems017357 | ||
| 005 | 20100301115647.0 | ||
| 008 | 130507b######################000#0#####d | ||
| 003 | CEMS | ||
| 082 | 0 | 4 | |a 664.8 |
| 100 | 1 | |a Hobbs, Betty C. | |
| 245 | 1 | 0 | |a Higiene y toxicología de los alimentos / |c Betty C. Hobbs |
| 260 | |a Zaragoza : |b Acribia | ||
| 300 | |a 310 p. | ||
| 859 | |a CEMS |b BIB. CEMS - Agricultura |h 664.8 |i H653 |p A0207.00 |t Ej.1 |v 1 |3 Vol. 1 | ||
